Province dell'Emilia-Romagna per Superficie - Statistics

Statistiche generali
  • Questo quiz è stato fatto 41 volte
  • Il punteggio medio è 8 su 9
Statistiche sulle risposte
Superficie (km²) Provincia o Città Metropolitana % Corretto
3 702 Città metropolitana di Bologna
100%
3447 Provincia di Parma
100%
2 688 Provincia di Modena
94%
2 627 Provincia di Ferrara
92%
2 378 Provincia di Forlì-Cesena
92%
2 586 Provincia di Piacenza
92%
2 291 Provincia di Reggio Emilia
86%
1 859 Provincia di Ravenna
83%
922 Provincia di Rimini
83%
Nessun quiz corrispondente trovato
Distribuzione punteggi
Percentuale di utenti per punteggio
Percentile per numero di risposta
I tuoi punteggi nel tempo
Non hai fatto questo quiz